अमिरीकी दर्शन और दार्शनिक / (Record no. 120755)
[ view plain ]
| 000 -LEADER | |
|---|---|
| fixed length control field | 01229nam a22002657a 4500 |
| 005 - DATE AND TIME OF LATEST TRANSACTION | |
| control field | 20170124103202.0 |
| 010 ## - LIBRARY OF CONGRESS CONTROL NUMBER | |
| LC control number | 164375 |
| 020 ## - INTERNATIONAL STANDARD BOOK NUMBER | |
| Terms of availability | 10.00 |
| 035 ## - SYSTEM CONTROL NUMBER | |
| System control number | 164375 |
| 037 ## - SOURCE OF ACQUISITION | |
| Source of stock number/acquisition | Cen Lib/Ret |
| 040 ## - CATALOGING SOURCE | |
| Original cataloging agency | DPL |
| Language of cataloging | HN |
| 082 ## - DEWEY DECIMAL CLASSIFICATION NUMBER | |
| Classification number | 191 |
| Item number | ब्लौजो |
| 100 ## - MAIN ENTRY--PERSONAL NAME | |
| Personal name | ब्लौ, जोसेफ एल. |
| 9 (RLIN) | 92454 |
| 245 ## - TITLE STATEMENT | |
| Title | अमिरीकी दर्शन और दार्शनिक / |
| Statement of responsibility, etc | जोसेफ एल. ब्लौ ; अनुवादक राधेश्याम शर्मा |
| 246 ## - VARYING FORM OF TITLE | |
| Title proper/short title | Amiriki darshan aur darshanik / |
| Remainder of title | by Josef L. Blow ; anuvadak Radheshyam Sharma |
| 260 ## - PUBLICATION, DISTRIBUTION, ETC. (IMPRINT) | |
| Place of publication, distribution, etc | इलाहाबाद |
| Name of publisher, distributor, etc | लीडर प्रेस |
| Date of publication, distribution, etc | 1952 |
| 270 ## - ADDRESS | |
| City | इलाहाबाद |
| 300 ## - PHYSICAL DESCRIPTION | |
| Extent | 399पृ. |
| Dimensions | 20सेमी(सजिल्द ) |
| 650 ## - SUBJECT ADDED ENTRY--TOPICAL TERM | |
| Topical term or geographic name as entry element | दर्शनशास्त्र--दार्शनिक |
| General subdivision | |
| Geographic subdivision | |
| 9 (RLIN) | 92455 |
| 650 ## - SUBJECT ADDED ENTRY--TOPICAL TERM | |
| Topical term or geographic name as entry element | दर्शनशास्त्र--दार्शनिक -- अमेरिका |
| 9 (RLIN) | 92456 |
| 650 ## - SUBJECT ADDED ENTRY--TOPICAL TERM | |
| Topical term or geographic name as entry element | Philosophy - Philosophy |
| 9 (RLIN) | 92457 |
| 650 ## - SUBJECT ADDED ENTRY--TOPICAL TERM | |
| Topical term or geographic name as entry element | Philosophy - Philosophy - US |
| 9 (RLIN) | 92458 |
| 700 ## - ADDED ENTRY--PERSONAL NAME | |
| Personal name | शर्मा, राधेश्याम |
| 9 (RLIN) | 92459 |
| 942 ## - ADDED ENTRY ELEMENTS (KOHA) | |
| Source of classification or shelving scheme | Dewey Decimal Classification |
| Koha item type | Hindi Books |
| Classification part | 191 |
| Call number suffix | ब्लौजो |
| Withdrawn status | Lost status | Damaged status | Not for loan | Home library | Current library | Date acquired | Source of acquisition | Cost, normal purchase price | Total Checkouts | Full call number | Barcode | Date last seen | Date checked out | Copy number | Cost, replacement price | Price effective from | Koha item type |
|---|---|---|---|---|---|---|---|---|---|---|---|---|---|---|---|---|---|
| Central Library | Central Library | 28/09/2015 | Cen Lib/Ref | 10.00 | 1 | 191 ब्लौजो | 164375 | 03/08/2017 | 22/07/2017 | 1 | 10.00 | 28/09/2015 | Hindi Books |
